地级市内人口密度比市辖区平均大的县市 - Statistics

General Stats
  • This quiz has been taken 13 times
    6 since last reset
  • The average score is 37 of 74
Answer Stats
省级行政区 地级行政区 县级行政区 % Correct
江苏省 苏州市 昆山市
100%
江苏省 泰州市 靖江市
100%
浙江省 宁波市 慈溪市
100%
浙江省 嘉兴市 海宁市
100%
浙江省 金华市 义乌市
100%
浙江省 台州市 温岭市
100%
河北省 廊坊市 三河市
80%
山西省 临汾市 侯马市
80%
内蒙古自治区 呼伦贝尔市 满洲里市
80%
浙江省 温州市 龙港市
80%
浙江省 金华市 永康市
80%
浙江省 台州市 玉环市
80%
福建省 泉州市 石狮市
80%
福建省 泉州市 晋江市
80%
山东省 枣庄市 滕州市
80%
山东省 烟台市 龙口市
80%
广西壮族自治区 防城港市 东兴市
80%
四川省 德阳市 广汉市
80%
黑龙江省 黑河市 孙吴县
60%
黑龙江省 黑河市 五大连池市
60%
黑龙江省 黑河市 嫩江市
60%
山东省 东营市 广饶县
60%
河南省 三门峡市 义马市
60%
广西壮族自治区 百色市 靖西市
60%
广西壮族自治区 崇左市 凭祥市
60%
陕西省 榆林市 米脂县
60%
陕西省 榆林市 吴堡县
60%
甘肃省 定西市 岷县
60%
宁夏回族自治区 中卫市 中宁县
60%
河北省 邢台市 平乡县
40%
河北省 邢台市 清河县
40%
山西省 吕梁市 孝义市
40%
山西省 吕梁市 汾阳市
40%
黑龙江省 伊春市 铁力市
40%
黑龙江省 黑河市 北安市
40%
江苏省 盐城市 阜宁县
40%
江苏省 盐城市 建湖县
40%
安徽省 宿州市 砀山县
40%
福建省 漳州市 东山县
40%
山东省 滨州市 惠民县
40%
山东省 滨州市 阳信县
40%
山东省 滨州市 博兴县
40%
山东省 滨州市 邹平市
40%
河南省 信阳市 淮滨县
40%
广东省 梅州市 兴宁市
40%
广东省 云浮市 罗定市
40%
广西壮族自治区 钦州市 灵山县
40%
广西壮族自治区 百色市 平果市
40%
广西壮族自治区 来宾市 合山市
40%
陕西省 宝鸡市 岐山县
40%
陕西省 宝鸡市 扶风县
40%
陕西省 榆林市 绥德县
40%
甘肃省 天水市 秦安县
40%
甘肃省 定西市 渭源县
40%
甘肃省 定西市 临洮县
40%
甘肃省 陇南市 成县
40%
青海省 海东市 民和回族土族自治县
40%
山西省 朔州市 怀仁市
20%
山西省 晋中市 介休市
20%
山西省 吕梁市 文水县
20%
辽宁省 铁岭市 调兵山市
20%
山东省 聊城市 临清市
20%
湖南省 郴州市 嘉禾县
20%
广西壮族自治区 贺州市 钟山县
20%
四川省 广元市 苍溪县
20%
四川省 宜宾市 江安县
20%
云南省 曲靖市 陆良县
20%
西藏自治区 那曲市 索县
20%
陕西省 渭南市 富平县
20%
甘肃省 天水市 甘谷县
20%
甘肃省 定西市 通渭县
20%
甘肃省 定西市 陇西县
20%
甘肃省 陇南市 西和县
20%
河北省 邢台市 宁晋县
0%
No matching quizzes found
Score Distribution
Percent of People with Each Score
Percentile by Number Answered
Your Score History
You have not taken this quiz since the last reset